| 000 | 00782 a2200145 4500 | ||
|---|---|---|---|
| 003 | Nust | ||
| 005 | 20170207154011.0 | ||
| 040 | _cNust | ||
| 100 | _aProf. Dr. Keith Andrews | ||
| 245 |
_aHuman-Computer Interaction (E-Book) _cProf. Dr. Keith Andrews |
||
| 260 |
_aUSA _bGraz University of Technology Inffeldgasse 16c A-8010 Graz _c2011 |
||
| 300 | _axiv,188.p | ||
| 505 | _aHuman Computer Interaction(Page-1) Usability Engineering (Page-41) Know the User (Page-51) Usability Benchmarking (Page-57) Goal-Oriented Interaction Design (Page-59) Prototyping (Page-77) Usability Inspection Methods (Page-85) Usability Testing Methods (Page-105) Usability in Practice (Page-139) Visual Design and Typography (Page-147) Icon Design (Page-155) A Brief History of HCI (Page-173) | ||
| 651 | _aE-Book | ||
| 942 |
_2ddc _cBK |
||
| 999 |
_c191203 _d191203 |
||